Music Quiz

Random Music or Lyrics Quiz

Invisible Star Sangled Banner Lyrics Quiz Stats

Quiz not verified by Sporcle

Challenge
Share
Tweet
Embed
Score 0/80 Timer 05:00
0 Plays Today
Lyrics % Correct
O!
100%
O!
100%
Say
99.2%
say
99.2%
see
98.3%
the
97.5%
the
97.5%
and
97.5%
the
97.5%
the
97.5%
And
97.5%
the
97.5%
the
97.5%
the
97.5%
the
97.5%
the
97.5%
and
97.5%
the
97.5%
the
97.5%
can
96.6%
you
96.6%
by
96.6%
dawn's
96.6%
early
95.8%
light,
95.8%
we
95.8%
we
95.8%
so
95%
so
95%
through
92.4%
through
92.4%
brave
92.4%
red
91.6%
glare,
91.6%
flag
91.6%
was
91.6%
still
91.6%
free
91.6%
home
91.6%
What
90.8%
Lyrics % Correct
stars
90.8%
rocket's
90.8%
that
90.8%
there;
90.8%
that
90.8%
banner
90.8%
proudly
89.9%
gleaming,
89.9%
our
89.9%
land
89.9%
of
89.9%
of
89.9%
twilight's
89.1%
last
89.1%
bursting
89.1%
night
89.1%
yet
89.1%
wave,
89.1%
bombs
88.2%
Gave
88.2%
proof
88.2%
does
88.2%
stripes
87.4%
bright
87.4%
air,
87.4%
in
86.6%
O'er
85.7%
ramparts
85.7%
O'er
85.7%
at
84.9%
broad
84.9%
hailed
84%
streaming
84%
fight,
82.4%
Whose
81.5%
perilous
81.5%
watched,
80.7%
gallantly
80.7%
were
78.2%
star-spangled
62.2%

You're not logged in!

Compare scores with friends on all Sporcle quizzes.
Join for Free
OR
Log In

You Might Also Like...

Show Comments

Extras

Top Quizzes Today


Score Distribution

Your Account Isn't Verified!

In order to create a playlist on Sporcle, you need to verify the email address you used during registration. Go to your Sporcle Settings to finish the process.

Report this User

Report this user for behavior that violates our Community Guidelines.

Details: